000 00795nam a2200289 a 4500
003 AR-BaBNM
005 20251128205356.0
008 082120s2002 ||||||||||||||000 | spa||
020 _a84-276-0620-6
040 _cAR-BaBNM
100 1 _aCastro Alfin, Demetrio
245 0 0 _aHistoria de las Islas Canarias
_bde la prehistoria al descubrimiento
260 _aMadrid
_bNacional
_c1983
300 _a259 p.
_bil., láms., mapas
490 0 _aCultura y sociedad. investigación
650 4 _aSIGLO QUINCE
650 4 _aHISTORIA MEDIEVAL
650 4 _aPREHISTORIA
650 4 _aSOCIEDAD
650 4 _aHISTORIA SOCIAL
650 4 _aHISTORIA ECONOMICA
650 4 _aHISTORIA POLITICA
651 4 _aIslas Canarias
653 _aHISTORIA ESPAÑOLA
942 _cBK
998 _cmariana
999 _c11151
_d11151